<?xml version="1.0" encoding="UTF-8"?>
<record
    xmlns:xsi="http://www.w3.org/2001/XMLSchema-instance"
    xsi:schemaLocation="http://www.loc.gov/MARC21/slim http://www.loc.gov/standards/marcxml/schema/MARC21slim.xsd"
    xmlns="http://www.loc.gov/MARC21/slim">

  <leader>00611nam a22001937a 4500</leader>
  <datafield tag="999" ind1=" " ind2=" ">
    <subfield code="c">169899</subfield>
    <subfield code="d">169899</subfield>
  </datafield>
  <controlfield tag="005">20191206174105.0</controlfield>
  <datafield tag="010" ind1=" " ind2=" ">
    <subfield code="a">A-278046</subfield>
  </datafield>
  <datafield tag="020" ind1=" " ind2=" ">
    <subfield code="c">20.00</subfield>
    <subfield code="a">-</subfield>
  </datafield>
  <datafield tag="035" ind1=" " ind2=" ">
    <subfield code="a">A-278046</subfield>
  </datafield>
  <datafield tag="037" ind1=" " ind2=" ">
    <subfield code="b">BPPD</subfield>
  </datafield>
  <datafield tag="082" ind1=" " ind2=" ">
    <subfield code="a">270</subfield>
  </datafield>
  <datafield tag="100" ind1=" " ind2=" ">
    <subfield code="a">&#x633;&#x644;&#x637;&#x627; &#x646; &#x627; &#x62D;&#x645;&#x62F; &#x627; &#x635;&#x644;&#x627; &#x62D;&#x6CC; </subfield>
  </datafield>
  <datafield tag="245" ind1=" " ind2=" ">
    <subfield code="a">&#x627; &#x633;&#x644;&#x627; &#x645; &#x6A9;&#x627; &#x62A;&#x635;&#x648; &#x631; &#x645;&#x633;&#x627; &#x648; &#x627; &#x62A; </subfield>
    <subfield code="c">&#x633;&#x644;&#x637;&#x627; &#x646; &#x627; &#x62D;&#x645;&#x62F; &#x627; &#x635;&#x644;&#x627; &#x62D;&#x6CC; </subfield>
  </datafield>
  <datafield tag="246" ind1=" " ind2=" ">
    <subfield code="a">Islam Ka Tasavur-e-Musawat </subfield>
    <subfield code="b">by Sultan Ahmed Islahi </subfield>
  </datafield>
  <datafield tag="260" ind1=" " ind2=" ">
    <subfield code="a">Delhi </subfield>
    <subfield code="c">1985 &#x621; </subfield>
    <subfield code="b">Maktaba-e-Islami</subfield>
  </datafield>
  <datafield tag="270" ind1=" " ind2=" ">
    <subfield code="a">Delhi</subfield>
    <subfield code="b">Delhi</subfield>
    <subfield code="k">-</subfield>
    <subfield code="e">110006</subfield>
  </datafield>
  <datafield tag="300" ind1=" " ind2=" ">
    <subfield code="a">244 &#x635;</subfield>
    <subfield code="c">22 cm(hb)</subfield>
  </datafield>
  <datafield tag="942" ind1=" " ind2=" ">
    <subfield code="2">ddc</subfield>
    <subfield code="c">UR</subfield>
    <subfield code="h">270</subfield>
    <subfield code="m">&#x633; &#x644; &#x637; </subfield>
  </datafield>
  <datafield tag="952" ind1=" " ind2=" ">
    <subfield code="0">0</subfield>
    <subfield code="1">0</subfield>
    <subfield code="4">0</subfield>
    <subfield code="7">-1</subfield>
    <subfield code="8">NFIC</subfield>
    <subfield code="a">L</subfield>
    <subfield code="b">L</subfield>
    <subfield code="d">2019-12-06</subfield>
    <subfield code="e">BPPD/Ven.</subfield>
    <subfield code="g">20.00</subfield>
    <subfield code="l">0</subfield>
    <subfield code="o">270 &#x633; &#x644; &#x637;</subfield>
    <subfield code="p">A-278046</subfield>
    <subfield code="r">2019-12-06 00:00:00</subfield>
    <subfield code="t">1</subfield>
    <subfield code="v">20.00</subfield>
    <subfield code="w">2019-12-06</subfield>
    <subfield code="y">UR</subfield>
  </datafield>
</record>
